The urban community and its unionized bureaucracies ; pressure politics in local government labor relations /

Bibliographic Details
Main Author: Spero, Sterling D. (Sterling Denhard), 1896-1976
Other Authors: Capozzola, John M.
Format: Book
Language:English
Published: New York : Dunellen, [1973]
Subjects:

MARC

Tag First Indicator Second Indicator Subfields
LEADER 00000cam a2200000 4500
001 in00000236021
005 20151009091452.0
008 730212s1973 nyu b 00110 eng
010 |a  72086221  
020 |a 0842400583 
035 |a (OCoLC)00584053 
035 |9 ABA4636AM 
040 |a DLC  |c DLC  |d TXA  |d UtOrBLW 
043 |a n-us--- 
049 |a TXAM  |c [713053] 
050 0 0 |a HD8008  |b .S66 
082 0 |a 331.89/041/352 
100 1 |a Spero, Sterling D.  |q (Sterling Denhard),  |d 1896-1976. 
245 1 4 |a The urban community and its unionized bureaucracies ;  |b pressure politics in local government labor relations /  |c [by] Sterling D. Spero [and] John M. Capozzola. 
264 1 |a New York :  |b Dunellen,  |c [1973] 
300 |a xvii, 361 pages ;  |c 22 cm. 
336 |a text  |b txt  |2 rdacontent 
337 |a unmediated  |b n  |2 rdamedia 
338 |a volume  |b nc  |2 rdacarrier 
504 |a Bibliography: pages 329-349. 
650 0 |a Collective bargaining  |x Municipal employees  |z United States. 
700 1 |a Capozzola, John M. 
999 |a MARS 
999 f f |s 16c8b522-b20a-327a-9118-ad5faebc99e9  |i 95ec0292-0ceb-371c-b49f-02d09d324dce  |t 0 
952 f f |p ric  |a Texas A&M University  |b Rellis Campus  |c Joint Library Facility  |d Remote Storage  |t 0  |e HD8008 .S66  |h Library of Congress classification  |i unmediated -- volume  |m A14802705506 
998 f f |a HD8008 .S66  |t 0  |l Remote Storage